Effectif LOSC Lille (2025-2026) - Statistiques

Statistiques générales
  • Ce quiz a été pris 63 fois
  • Le résultat moyen est 23 sur 37
Statistiques - réponses
Numéro Poste Nationalité Nom % Correct
- Coach France Bruno Genesio
95%
12 DD Belgique Thomas Meunier
95%
1 G Turquie Berke Ozer
93%
9 BU France Olivier Giroud
93%
7 AG Belgique Matias Fernandez-Pardo
91%
23 DC Algérie Aïssa Mandi
89%
18 DC RD Congo Chancel Mbemba
89%
6 MDC Algérie Nabil Bentaleb
89%
32 MDC Maroc Ayyoub Bouaddi
87%
21 MDC France Benjamin André
85%
15 DG France Romain Perraud
85%
22 DD Portugal Tiago Santos
85%
10 MOC Islande Hakon Arnar Haraldsson
84%
29 BU Maroc Hamza Igamane
84%
3 DC Belgique Nathan Ngoy
84%
17 MDC RD Congo Ngal'Ayel Mukau
84%
4 DC Brésil Alexsandro
80%
24 DG Indonésie Calvin Verdonk
80%
16 G Belgique Arnaud Bodart
76%
27 AD Portugal Felix Correia
75%
11 AG Maroc Osame Sahraoui
75%
14 AD Norvège Marius Broholm
71%
8 MC France Ethan Mbappé
62%
28 AG France Gaetan Perrin
56%
30 G France Marc-Aurèle Caillard
55%
35 AD France Soriba Diaoune
53%
36 DC France Ousmane Touré
51%
20 AD France Noah Edjouma
45%
38 DC France Maxima Goffi
22%
60 G France Zadig Lanssade
18%
40 G France Thomas Sajous
13%
41 BU Cameroun Angel Yondjo
11%
33 MDC France Lilian Baret
11%
50 G Algérie Samy Merzouk
11%
43 AG France Younes Lachaab
11%
42 MOC Algérie Saad Boussadia
9%
37 DD France Morgan Costarelli
4%
Aucun quiz correspondant
Distribution des résultats
% des personnes avec chaque résultat
Percentile par nombre de réponses
Votre historique - résultats
Vous n’avez pas pris ce quiz